000 00467nam a2200181Ia 4500
001 7294
008 140321s9999 xx 000 0 und d
020 _a0-566-05632-1
040 _cPK-LaUMT
082 _a 509.204
_bFRA-C
100 _aFranklin, Mark N.
245 4 _aThe community of science in Europe : Preconditions for resea
_cFranklin, Mark N.
260 _c1988
300 _a359 p.
546 _aEN
650 _aEuropean science foundations
942 _cBK
999 _c8747
_d8747